Banky a finanční organizace v České republice Finance '94

Salvato in:
Dettagli Bibliografici
Natura: Libro
Lingua:ceco
Pubblicazione: Praha Public History [1995]
Edizione:1. vyd.
Soggetti:
Tags: Aggiungi Tag
Nessun Tag, puoi essere il primo ad aggiungerne!!

MARC

LEADER 00000nam a2200000 4500
001 c012017
005 20230117134523.0
020 |a 80-901-432-5-3 
041 0 |a cze 
044 |a CZ 
245 1 0 |a Banky a finanční organizace v České republice  |b Finance '94 
250 |a 1. vyd. 
264 1 |a Praha  |b Public History  |c [1995] 
300 |a 224 s. 
610 2 0 |a banky 
610 2 0 |a financie 
610 2 0 |a organizácie 
610 2 0 |a Česko 
610 2 0 |a trh kapitálový 
610 2 0 |a lízing 
610 2 0 |a ponuka 
610 2 0 |a služby 
610 2 0 |a poisťovníctvo 
610 2 0 |a príručky 
610 2 0 |a dlhopisy 
610 2 0 |a akcie 
610 2 0 |a portfólio 
610 2 0 |a fondy investičné 
610 2 0 |a burzy 
610 2 0 |a vklady 
610 2 0 |a sporiteľne